000 00297nam a2200097Ia 4500
008 220120s9999||||xx |||||||||||||| ||und||
100 _aLajiraj, S
_912046
245 0 _aPayroll management systems
260 _aCoorg Institute of Technology
_bPonnampet
_c2005
650 _aELECTRONICS AND COMMUNICATIONS
999 _c137630
_d137630